000 00464nam a2200157 i 4500
001 20259
003 ES-MaACL
005 20230906152250.0
007 t|
008 021108s1982 sp ||||1| spa d
100 1 _aÁguila Tejerina, Rafael del.
_918676
245 1 0 _aIdeología y fascismo /
_cRafael del Aguila Tejerina.
260 _aMadrid :
_bCentro de Estudios Constitucionales,
_c1982.
300 _a259 p. ;
_c21 cm.
852 _aES-MaACL
_jL-3428
_bR.104048
999 _c20259
_d20259